D ile Başlayan Şarkılar - Statistics

General Stats
  • This quiz has been taken 3 times
  • The average score is 6 of 15
Answer Stats
Şarkı Sözleri Şarkı İsimleri % Correct
Açılır sonsuz kere yoluna güllerim Koparıp atsan da solmaz gönlüm nafile Yokluğun soğuk tenine susadı tenim Üşüdüm yorgan misali seril üstüme Delikanlım
100%
Ne olmuş birden gördüysen onu
Ömründe ilk gördüğün erkek omu
Ama sus sus duymasınlar sesini
Göğsümden koparıp atarım seni
Delisin
67%
Dur dinle şu derdimi
Kim bilebilir ki aramızda var bir mesele
Ben kulağı tıkalı ona takıntılı
Onda kaldım her şeyimle
Doktor
67%
Ağlamadan ayrılık olmaz
Hatıralar uslu durmaz
Kalanlar gideni gönlünde taşır
Aşk sevene yük olmaz
Biz böyle bilir böyle yaşarız
Dudu
67%
Aşıksan korkuyorsan kayıp
Sevip de susuyorsan ayıp yazık
Daha gerçek ne var hayatta
Hem ne var korkup kaçacak bunda
Biter tabi istersen
Yeter çeker gidersin ayrı
Ama bil başarırım
Sen olmasan da yaşatırım ben bu aşkı
Dağları Deldim
33%
Ah ne zormuş bitsin demek,
Hala severken seni.
Dudaklarını öpmemek,
Bir yabancı gibi.
Değmesin Ellerimiz Şarkı Sözü
33%
Gece geçmez gündüz olmaz
Can bu dünyaya dayanmaz
Neden
Haykırdım dağlara duymaz
Bekledim günlerce
Yok ki gelen
Karlı dağların ardında biri yaşarmış
Bulut olur yağmur olur
Bize bakarmış
Hem yakın hem uzakmış
Yanakları al almış
Deli Kızım Uyan
33%
Ne tarafa dönersem döneyim
Yüzünü görüyorum hep
Her yerde sen
Sırrını bilemediğim bir çekim var
Beni kıskıvrak ele geçiren
Düşünsem nolur düşünmesem
Beni çılgına çeviren neydi
Dirensem nolur direnmesem
Ten eşini seçiyor haydi
Deli Oğlan
33%
Keşke hislerimi sana açıkca anlatabilseydim
Sana deli gibi aşık olduğumu söyleyebilseydim
Gözgöze geldiğimiz o anda
sanki Dilim tutuldu bir anda
Konuşamadım karşında
Domates Biber Patlıcan
33%
Okunmuyor adı artık yıldızlarda
Ayrılık yazıyor arkası yarınlarda
Sorma bana, sen de onu sorma
Sorma, sorma doldur boğaziçini
Sen doldur, ben içerim efkarımla, kana kana
Durma Yağmur Durma
33%
Yağmur yağsa, uykum kaçsa
Bir kuş konsa badi parmağıma
Ağlardım bir başıma
Bir kuş konsa badi parmağıma
Ağlardım bir başıma
Düşler Sokağı
33%
Derin bir nefes alır gibi batıyoruz, yükümüz ağır
Yeni bir söz söylemek için ölmek mi gerekir?
Hadi bir cesaret sende taşın altına koy elini
İnadına inadına sevişmeli bağır çağır
Duvar
33%
İtiraf ediyorum sana itiraf.
Başladı yaralı aşklara tadilat
Masumum, dışarıdan daha masumum,
Maalesef, bunun için sana mecburum.
Dansöz
0%
Sevmek çok zormuş
Sevmemek çok zor
Sevilmemek çok zor
Sevdim ama sevildimmi
Bilemiyorum
Ağlamak çok zor
Ağlamamak çok zor
Ağlayamamak çok zor
Dilenci
0%
Baban beni babamdanda birkerecuk istesun
Allahın emri ile allahın emri ile
Gelinum olsun desin gelinum olsun..
Divane Aşık Gibi
0%
No matching quizzes found
Score Distribution
Percent of People with Each Score
Percentile by Number Answered
Your Score History
You have not taken this quiz